[Event "CAN-ch"]
[Site "Toronto CAN"]
[Date "2023.04.08"]
[Round "4.3"]
[White "Xu, Daniel"]
[Black "Rusonik, Max"]
[Result "0-1"]
[WhiteElo "2282"]
[BlackElo "2394"]
[Annotator "-"]
[PlyCount "196"]
[EventDate "2023.04.06"]
[EventType "swiss"]
[EventRounds "9"]
[EventCountry "CAN"]

1. e4 e5 2. Nf3 Nc6 3. Bb5 a6 4. Ba4 Nf6 5. O-O Be7 6. Re1 b5 7. Bb3 O-O 8. h3
Bb7 9. d3 d5 10. exd5 Nxd5 11. Nbd2 Qd7 12. Ne4 Kh8 13. a4 f6 14. d4 exd4 15.
Nxd4 Ne5 16. f4 Nc4 17. f5 Nb4 18. c3 Rfd8 19. axb5 axb5 20. Rxa8 Bxa8 21. Bxc4
bxc4 22. cxb4 Bxb4 23. Nc3 Bxc3 24. bxc3 c5 25. Ba3 cxd4 26. Qxd4 Qxd4+ 27.
cxd4 Kg8 28. Kf2 Bc6 29. Re6 Bd5 30. Re7 Ra8 31. Re3 h5 32. g3 Ra5 33. Re8+ Kh7
34. Bf8 Bf7 35. Re3 Rxf5+ 36. Rf3 Rb5 37. Re3 Rb2+ 38. Ke1 Rg2 39. h4 Bd5 40.
Bd6 Kg6 41. Re2 Rg1+ 42. Kf2 Rd1 43. Bc5 Kf5 44. Re1 Rd3 45. Re3 Rb3 46. Bf8
Rb2+ 47. Ke1 g6 48. Be7 Rb6 49. Bd8 Ra6 50. Be7 Be4 51. Kd2 Ra2+ 52. Kc3 Ra7
53. Bc5 Ra4 54. Be7 Bd5 55. Kd2 Ra7 56. Bd8 Rb7 57. Be7 Rb1 58. Kc2 Rf1 59. Kc3
Kg4 60. Kb4 Rf5 61. Bd6 Kh3 62. Kc5 Kg2 63. Kb4 Kf2 64. Ra3 Be6 65. Bf4 g5 66.
hxg5 fxg5 67. Be5 h4 68. gxh4 gxh4 69. Ra2+ Kf3 70. Ra6 Bf7 71. Rh6 Kg4 72. Rh7
Rf3 73. Rg7+ Kh5 74. Rh7+ Kg5 75. Rg7+ Kh6 76. Rg2 h3 77. Rd2 Rb3+ 78. Kc5 Kh5
79. Rf2 Kg6 80. Rf6+ Kg7 81. Rf2+ Kg8 82. d5 Rd3 83. d6 Rd5+ 84. Kc6 Rxe5 85.
d7 Rd5 86. Kc7 Rxd7+ 87. Kxd7 Bd5 88. Rc2 Kf7 89. Kd6 Be4 90. Rxc4 h2 91. Rc1
Kf6 92. Rf1+ Kg5 93. Ke5 Bg2 94. Ra1 Kg4 95. Kd4 Kf3 96. Ra3+ Kf2 97. Ra2+ Kg1
98. Ra1+ Bf1 0-1

[Event "CAN-ch"]
[Site "Toronto CAN"]
[Date "2023.04.08"]
[Round "4.4"]
[White "Zhou, Aiden"]
[Black "Clyde, Jordan"]
[Result "1/2-1/2"]
[WhiteElo "2257"]
[BlackElo "2247"]
[PlyCount "87"]
[EventDate "2023.04.06"]
[EventType "swiss"]
[EventRounds "9"]
[EventCountry "CAN"]

1. d4 Nf6 2. c4 e6 3. Nf3 Bb4+ 4. Bd2 Be7 5. g3 b6 6. Bg2 Bb7 7. O-O Ne4 8. Nc3
d6 9. d5 Nxc3 10. Bxc3 Bf6 11. Nd4 e5 12. Nc6 Qd7 13. Nxb8 Rxb8 14. f4 h5 15.
fxe5 Bxe5 16. Bxe5 dxe5 17. Be4 h4 18. Qd3 Qg4 19. Rf5 hxg3 20. Rxe5+ Kd8 21.
Qxg3 Qxg3+ 22. hxg3 f6 23. Rf5 Bc8 24. Rf4 Ke7 25. b4 Kd6 26. Bg2 f5 27. e4 g5
28. Rf2 f4 29. gxf4 gxf4 30. Rxf4 Bh3 31. Bxh3 Rxh3 32. Rd1 Rg8+ 33. Kf2 Rgg3
34. Rf5 Rc3 35. e5+ Ke7 36. d6+ cxd6 37. exd6+ Kd8 38. d7 Rc2+ 39. Kg1 Rh8 40.
c5 Rg8+ 41. Kf1 Rh8 42. Kg1 Rg8+ 43. Kf1 Rh8 44. Kg1 1/2-1/2

[Event "CAN-ch"]
[Site "Toronto CAN"]
[Date "2023.04.08"]
[Round "4.5"]
[White "Huang, Youhe"]
[Black "Barron, Michael"]
[Result "1/2-1/2"]
[WhiteElo "2284"]
[BlackElo "2244"]
[PlyCount "164"]
[EventDate "2023.04.06"]
[EventType "swiss"]
[EventRounds "9"]
[EventCountry "CAN"]

1. d4 f5 2. Bg5 h6 3. Bh4 g5 4. e3 Bg7 5. Bg3 c5 6. c3 Qb6 7. Na3 d5 8. Nb5 Na6
9. Nf3 Nf6 10. Ne5 O-O 11. h4 g4 12. h5 c4 13. a4 Ne4 14. Bf4 Nd6 15. b3 Nxb5
16. axb5 Qxb5 17. Nxc4 Qc6 18. Nd2 Qxc3 19. Bxa6 bxa6 20. O-O Bd7 21. Rc1 Qb4
22. f3 Rac8 23. Rxc8 Rxc8 24. fxg4 fxg4 25. Kh2 Qc3 26. Qe2 Qc2 27. e4 dxe4 28.
Qxa6 g3+ 29. Kxg3 e3 30. Nf3 e2 31. Rc1 Qf5 32. Rxc8+ Bxc8 33. Qxe2 Qg4+ 34.
Kf2 Qxf4 35. Qc4+ Kh7 36. Qxc8 Bxd4+ 37. Kf1 Qf7 38. Qb7 Bb6 39. Qe4+ Kh8 40.
Qe5+ Kg8 41. Qb5 Kg7 42. Ke2 Qe6+ 43. Kd2 Qd6+ 44. Kc3 Qc5+ 45. Qxc5 Bxc5 46.
Kc4 Bf2 47. Kd5 Kf6 48. g4 Be3 49. Ke4 Bc1 50. Ne5 Kg5 51. Kf3 a6 52. Nc6 Kf6
53. Nb8 Ke5 54. Nxa6 Kd4 55. b4 e5 56. Nc5 Ba3 57. Ne6+ Kd3 58. Nc5+ Kd4 59. g5
hxg5 60. h6 e4+ 61. Kg4 Bb2 62. Ne6+ Kc4 63. Nxg5 e3 64. Kf3 Kxb4 65. Ne6 Kc4
66. Nf4 Bd4 67. Ke4 Ba1 68. Kxe3 Kc5 69. Ke4 Kd6 70. Kf5 Ke7 71. Kg6 Kf8 72.
Ne6+ Ke7 73. Ng5 Bb2 74. h7 Bh8 75. Nf7 Bb2 76. Nh6 Bh8 77. Nf5+ Kf8 78. Ne3
Ke7 79. Nd5+ Ke6 80. Nf4+ Ke7 81. Nh3 Ke6 82. Ng5+ Ke7 1/2-1/2

[Event "CAN-ch"]
[Site "Toronto CAN"]
[Date "2023.04.08"]
[Round "4.6"]
[White "Plotkin, Victor"]
[Black "Oancea, Nicolae"]
[Result "1-0"]
[WhiteElo "2386"]
[BlackElo "1991"]
[PlyCount "141"]
[EventDate "2023.04.06"]
[EventType "swiss"]
[EventRounds "9"]
[EventCountry "CAN"]

1. Nf3 e6 2. c4 f5 3. Nc3 Nf6 4. g3 d5 5. cxd5 exd5 6. Bg2 c6 7. d4 Bd6 8. O-O
O-O 9. Ne5 Nbd7 10. Nd3 Qe7 11. Bg5 h6 12. Bf4 g5 13. Bxd6 Qxd6 14. f4 g4 15.
Ne5 Kg7 16. Qd3 Ne4 17. Nxe4 dxe4 18. Qc3 Nb6 19. e3 Be6 20. Rfd1 Nd5 21. Qd2
h5 22. Rac1 Rac8 23. a3 h4 24. b4 hxg3 25. hxg3 a5 26. Nc4 Qe7 27. Nxa5 Nf6 28.
Kf2 Rh8 29. Rh1 Rxh1 30. Bxh1 Rh8 31. Bg2 Qf7 32. Qc3 Nd5 33. Qa1 Rh2 34. Nc4
Kg8 35. Ne5 Qh7 36. Rh1 Rxh1 37. Qxh1 Qxh1 38. Bxh1 Kg7 39. Bg2 Nc3 40. Bf1 Kf6
41. Ke1 Nd5 42. Kd2 Nb6 43. Be2 Nd5 44. Nc4 Ke7 45. Na5 Bc8 46. Bc4 Nf6 47. Ke1
Kd6 48. Bf7 Ke7 49. Bb3 Ne8 50. d5 cxd5 51. Bxd5 Nd6 52. Nc4 Ne8 53. Nb6 Be6
54. Bxb7 Nc7 55. a4 Kd6 56. a5 Nb5 57. Kd2 Kc7 58. Bd5 Bxd5 59. Nxd5+ Kd6 60.
Nc3 Na3 61. Nd1 Kc6 62. Kc3 Nb1+ 63. Kd4 Kd6 64. a6 Na3 65. Kc3 Kc6 66. Kb3 Nb1
67. b5+ Kb6 68. Nc3 Nd2+ 69. Kb4 Nf1 70. Nd5+ Ka7 71. Ka5 1-0

[Event "CAN-ch"]
[Site "Toronto CAN"]
[Date "2023.04.08"]
[Round "4.9"]
[White "Latorre, Vincent"]
[Black "Liu, Henry"]
[Result "1-0"]
[WhiteElo "2200"]
[BlackElo "2213"]
[PlyCount "161"]
[EventDate "2023.04.06"]
[EventType "swiss"]
[EventRounds "9"]
[EventCountry "CAN"]

1. e4 e6 2. d4 d5 3. e5 c5 4. c3 Nc6 5. Nf3 Qb6 6. Be2 Nh6 7. Bxh6 gxh6 8. Qd2
Bd7 9. O-O Rc8 10. Na3 cxd4 11. cxd4 Nb4 12. h4 Qd8 13. g3 Rg8 14. Kh1 f5 15.
exf6 Qxf6 16. Ne5 Nc6 17. Qe3 Nxe5 18. dxe5 Qf5 19. Kg2 Qe4+ 20. Qxe4 dxe4 21.
Rfd1 Bxa3 22. bxa3 Rc5 23. Rac1 Rxc1 24. Rxc1 Bc6 25. a4 Kd7 26. Bb5 Rc8 27.
Bxc6+ Rxc6 28. Rd1+ Kc7 29. Rd4 Rc2 30. Rxe4 Rxa2 31. Rc4+ Kb6 32. Kf3 h5 33.
Rd4 Rc2 34. Ke3 Kc7 35. f3 a6 36. Kf4 h6 37. g4 Rh2 38. Kg3 Rc2 39. Kf4 hxg4
40. fxg4 Rh2 41. Rd6 Rxh4 42. Kg3 Rh1 43. Rxe6 Kd7 44. Rd6+ Ke7 45. Rb6 Rg1+
46. Kf4 Rf1+ 47. Ke4 Re1+ 48. Kf5 Rf1+ 49. Ke4 Re1+ 50. Kf4 Rf1+ 51. Kg3 Rg1+
52. Kf3 Rf1+ 53. Ke3 Re1+ 54. Kd4 Rd1+ 55. Kc5 Rc1+ 56. Kb4 Re1 57. Rxb7+ Ke8
58. Ka5 Rxe5+ 59. Kxa6 Re4 60. Kb5 Kd8 61. Rg7 Re5+ 62. Kb6 Kc8 63. Rg6 h5 64.
a5 hxg4 65. a6 Re1 66. Rg8+ Kd7 67. a7 Ra1 68. a8=Q Rxa8 69. Rxa8 Ke6 70. Kc5
Ke5 71. Rg8 Kf4 72. Kd4 Kf3 73. Kd3 g3 74. Rf8+ Kg2 75. Ke2 Kh1 76. Kf3 g2 77.
Rh8+ Kg1 78. Kg3 Kf1 79. Rf8+ Kg1 80. Rf7 Kh1 81. Rh7+ 1-0

[Event "CAN-ch"]
[Site "Toronto CAN"]
[Date "2023.04.08"]
[Round "4.10"]
[White "Guillemette, Hugo"]
[Black "Chen, Max"]
[Result "1-0"]
[WhiteElo "2124"]
[BlackElo "2345"]
[PlyCount "85"]
[EventDate "2023.04.06"]
[EventType "swiss"]
[EventRounds "9"]
[EventCountry "CAN"]

1. e4 b6 2. d4 Bb7 3. Nc3 e6 4. Bd3 Nf6 5. Nge2 c5 6. O-O cxd4 7. Nxd4 Nc6 8.
Be3 Ne5 9. h3 Bb4 10. f4 Nxd3 11. cxd3 O-O 12. Rc1 Rc8 13. Qb3 Be7 14. Nce2 Bc5
15. Nc2 Re8 16. Bxc5 Rxc5 17. Ne3 Qc7 18. Qa3 d6 19. b4 Rxc1 20. Rxc1 Qb8 21.
b5 e5 22. Nf5 Re6 23. fxe5 dxe5 24. Ne7+ Kh8 25. Nc6 Bxc6 26. bxc6 Qc7 27. Qf8+
Ng8 28. Qa8 g6 29. Rc4 b5 30. Qb7 Re7 31. Qxb5 Qd6 32. Qd5 Qb8 33. c7 Qc8 34.
Qd8 Re8 35. Qxe8 Qxe8 36. c8=Q Qb5 37. Qc5 Qb2 38. Rc2 Qb1+ 39. Kh2 Qa1 40. Qf8
h5 41. Rc8 Kh7 42. Qxg8+ Kh6 43. h4 1-0

[Event "CAN-ch"]
[Site "Toronto CAN"]
[Date "2023.04.08"]
[Round "4.11"]
[White "Latreille, Etienne"]
[Black "Yang, Lefan"]
[Result "1-0"]
[WhiteElo "2194"]
[BlackElo "2180"]
[PlyCount "81"]
[EventDate "2023.04.06"]
[EventType "swiss"]
[EventRounds "9"]
[EventCountry "CAN"]

1. e4 c5 2. Nf3 Nc6 3. Bb5 e5 4. O-O Bd6 5. c3 a6 6. Ba4 b5 7. Bb3 c4 8. Bc2
Bc7 9. d4 d6 10. h3 Nge7 11. Qe2 exd4 12. cxd4 Nb4 13. a4 Nxc2 14. Qxc2 Bd7 15.
Bg5 f6 16. Bh4 Ng6 17. Bg3 O-O 18. b3 f5 19. bxc4 f4 20. Bh2 bxa4 21. Nc3 Nh4
22. Qd3 Rb8 23. Nxa4 Nxf3+ 24. Qxf3 Rb4 25. Nc3 Rxc4 26. Rfd1 Qc8 27. Nd5 Bd8
28. Bxf4 Bc6 29. Qg3 Bxd5 30. exd5 Rc3 31. f3 Rf5 32. Bxd6 Rc2 33. Qe1 Qd7 34.
Qe6+ Qf7 35. Re1 Bb6 36. Rxa6 Bxd4+ 37. Kh1 h5 38. Ra8+ Kh7 39. Qe4 Rxg2 40.
Kxg2 Qg6+ 41. Kh1 1-0

[Event "CAN-ch"]
[Site "Toronto CAN"]
[Date "2023.04.08"]
[Round "4.12"]
[White "Zhu, Matthew"]
[Black "Ning, Eric"]
[Result "0-1"]
[WhiteElo "2113"]
[BlackElo "2182"]
[PlyCount "124"]
[EventDate "2023.04.06"]
[EventType "swiss"]
[EventRounds "9"]
[EventCountry "CAN"]

1. e4 c5 2. Nf3 Nc6 3. Bb5 g6 4. Bxc6 dxc6 5. d3 Bg7 6. h3 e5 7. O-O Qe7 8. Bg5
Nf6 9. Qd2 h6 10. Be3 Nh5 11. Re1 Nf4 12. c3 g5 13. d4 O-O 14. dxe5 Ng6 15. Qd6
b6 16. Nbd2 Re8 17. Qxe7 Rxe7 18. Rad1 Be6 19. b3 Nxe5 20. Nxe5 Bxe5 21. c4 Bc3
22. Rc1 Be5 23. Nf3 Bc7 24. g4 f6 25. Bd2 Rd8 26. Kg2 Kf7 27. Bc3 Bf4 28. Rcd1
Red7 29. Rxd7+ Rxd7 30. Ng1 b5 31. cxb5 cxb5 32. Ne2 Bd2 33. Rd1 Bxc3 34. Rxd7+
Bxd7 35. Nxc3 Bc6 36. Kf3 Ke6 37. Ke3 Ke5 38. f3 Be8 39. Ne2 h5 40. gxh5 Bxh5
41. Nc1 a5 42. Nd3+ Kd6 43. Nb2 Bf7 44. f4 gxf4+ 45. Kxf4 Bg6 46. h4 Kc6 47. a4
Bf7 48. axb5+ Kxb5 49. Kf5 Bxb3 50. h5 a4 51. h6 a3 52. Nd1 Bxd1 53. h7 a2 54.
h8=Q a1=Q 55. Qb8+ Kc4 56. Qg8+ Kd3 57. Qd5+ Qd4 58. Qa2 Qe5+ 59. Kg6 Bh5+ 60.
Kh6 Qg5+ 61. Kh7 Qg6+ 62. Kh8 Qe8+ 0-1

[Event "CAN-ch"]
[Site "Toronto CAN"]
[Date "2023.04.08"]
[Round "4.13"]
[White "Joseph Benher, Savio"]
[Black "Chen, Richard"]
[Result "1-0"]
[WhiteElo "2120"]
[BlackElo "2172"]
[PlyCount "109"]
[EventDate "2023.04.06"]
[EventType "swiss"]
[EventRounds "9"]
[EventCountry "CAN"]

1. e4 e5 2. Nf3 Nc6 3. Bb5 a6 4. Ba4 Nf6 5. d3 Bc5 6. Bxc6 dxc6 7. h3 Bd6 8.
O-O Be6 9. Re1 c5 10. Nbd2 Qe7 11. c3 Nd7 12. Nf1 f6 13. d4 cxd4 14. cxd4 exd4
15. Nxd4 O-O-O 16. Qc2 Nb6 17. Nxe6 Qxe6 18. Bd2 Qc4 19. Rec1 Qxc2 20. Rxc2 Be5
21. Bc3 Bxc3 22. Rxc3 Rd4 23. Rac1 c6 24. f3 Rhd8 25. b3 Nd7 26. Ne3 Ne5 27.
R1c2 Rd3 28. Rxd3 Rxd3 29. Kf2 g5 30. Ke2 Rd7 31. Ng4 Nxg4 32. hxg4 Kc7 33. Rc1
Kd6 34. Ke3 c5 35. g3 b5 36. f4 Kc6 37. f5 Re7 38. Rh1 Kd6 39. Rd1+ Kc6 40. Rd8
Rd7 41. Rf8 Rd6 42. e5 fxe5 43. Ke4 Rd1 44. Kxe5 Re1+ 45. Kf6 Kd7 46. Rf7+ Kd8
47. Ra7 c4 48. bxc4 bxc4 49. Rxa6 Kd7 50. Ra4 c3 51. Rc4 Rc1 52. Kg7 c2 53. f6
Rf1 54. Rxc2 Ke6 55. Re2+ 1-0

[Event "CAN-ch"]
[Site "Toronto CAN"]
[Date "2023.04.08"]
[Round "5.5"]
[White "Barron, Michael"]
[Black "Plotkin, Victor"]
[Result "1-0"]
[WhiteElo "2244"]
[BlackElo "2386"]
[PlyCount "105"]
[EventDate "2023.04.06"]
[EventType "swiss"]
[EventRounds "9"]
[EventCountry "CAN"]

1. e4 e5 2. Nf3 Nf6 3. Nxe5 d6 4. Nf3 Nxe4 5. Nc3 Nxc3 6. dxc3 Be7 7. Bf4 Nd7
8. Qd2 Nf6 9. O-O-O O-O 10. Bd3 a5 11. a4 Bd7 12. b3 d5 13. Kb2 c5 14. c4 d4
15. Ne5 Be6 16. h3 Bd6 17. Rde1 Qc7 18. Bh2 Rfe8 19. g4 Nd7 20. f4 Nxe5 21.
fxe5 Bf8 22. Qf4 Qb6 23. Rhf1 Qb4 24. Re2 g6 25. Bg3 Qb6 26. Bh4 Qc7 27. Bf6
Bg7 28. h4 Bxf6 29. exf6 Qxf4 30. Rxf4 Bd7 31. Rfe4 Rxe4 32. Rxe4 Re8 33. Rxe8+
Bxe8 34. Be4 b6 35. c3 dxc3+ 36. Kxc3 Bd7 37. g5 Kf8 38. Kd3 Ke8 39. Ke3 Bg4
40. Bc6+ Kd8 41. Ke4 Bd1 42. Kd5 Bxb3 43. Bb5 Kc7 44. Be8 Bc2 45. Bxf7 Bxa4 46.
Bxg6 Kd7 47. Bxh7 Bb3 48. Bf5+ Ke8 49. Be6 Bc2 50. h5 a4 51. g6 a3 52. g7 Bh7
53. f7+ 1-0

[Event "CAN-ch"]
[Site "Toronto CAN"]
[Date "2023.04.08"]
[Round "5.6"]
[White "Latreille, Etienne"]
[Black "Latorre, Vincent"]
[Result "1/2-1/2"]
[WhiteElo "2194"]
[BlackElo "2200"]
[PlyCount "53"]
[EventDate "2023.04.06"]
[EventType "swiss"]
[EventRounds "9"]
[EventCountry "CAN"]

1. e4 g6 2. d4 Bg7 3. Nf3 d6 4. h3 Nf6 5. Bd3 O-O 6. O-O Nc6 7. c3 e5 8. Re1 h6
9. Nbd2 Nh5 10. dxe5 dxe5 11. Nc4 Be6 12. g4 Nf4 13. Bxf4 exf4 14. a4 Qe7 15.
Bf1 Rad8 16. Qe2 Rd7 17. Rad1 Rfd8 18. Qc2 a5 19. Rxd7 Rxd7 20. Rd1 Rxd1 21.
Qxd1 Qc5 22. Qd3 Bf6 23. Ncd2 b6 24. Qb5 Qd6 25. Nc4 Bxc4 26. Bxc4 Kg7 27. Kg2
1/2-1/2

[Event "CAN-ch"]
[Site "Toronto CAN"]
[Date "2023.04.08"]
[Round "5.8"]
[White "Guillemette, Hugo"]
[Black "Huang, Youhe"]
[Result "1-0"]
[WhiteElo "2124"]
[BlackElo "2284"]
[PlyCount "85"]
[EventDate "2023.04.06"]
[EventType "swiss"]
[EventRounds "9"]
[EventCountry "CAN"]

1. e4 c5 2. Nf3 Nc6 3. Bb5 e5 4. O-O Bd6 5. c3 Nge7 6. d4 cxd4 7. cxd4 exd4 8.
Nxd4 O-O 9. Nc3 Qc7 10. h3 a6 11. Be2 Nxd4 12. Qxd4 Bc5 13. Qd3 d6 14. Be3 Be6
15. Rac1 Qa5 16. a3 Bxe3 17. Qxe3 Rfe8 18. Qg3 Rad8 19. Rfd1 Qe5 20. f4 Qf6 21.
Bd3 Bb3 22. Rd2 g6 23. Bc2 Bc4 24. Rcd1 d5 25. exd5 Nf5 26. Bxf5 Qxf5 27. Rd4
Bb3 28. R1d2 Rd6 29. Qf3 Red8 30. g4 Qc8 31. Ne4 Rb6 32. Qc3 Qb8 33. d6 Rc8 34.
Nf6+ Kh8 35. d7 Rxc3 36. d8=Q+ Qxd8 37. Rxd8+ Kg7 38. Ne8+ Kh6 39. bxc3 Bc4 40.
Nf6 g5 41. Rg8 Rb1+ 42. Kh2 Rb5 43. h4 1-0

[Event "CAN-ch"]
[Site "Toronto CAN"]
[Date "2023.04.08"]
[Round "5.9"]
[White "Liu, Henry"]
[Black "Song, Ethan"]
[Result "1/2-1/2"]
[WhiteElo "2213"]
[BlackElo "2089"]
[PlyCount "64"]
[EventDate "2023.04.06"]
[EventType "swiss"]
[EventRounds "9"]
[EventCountry "CAN"]

1. d4 Nf6 2. Bf4 e6 3. e3 d5 4. c3 c5 5. Nd2 Nc6 6. Ngf3 Bd6 7. Bg3 O-O 8. Bd3
h6 9. Ne5 Bxe5 10. dxe5 Nd7 11. Qh5 f5 12. exf6 Nxf6 13. Qe2 e5 14. e4 d4 15.
O-O Bg4 16. f3 Bd7 17. Bc4+ Kh8 18. Bd5 Nh5 19. Nc4 Qg5 20. Qf2 Nf4 21. Bxf4
Rxf4 22. Nd6 Qe7 23. Bxc6 bxc6 24. Nc4 Bc8 25. Rfd1 Ba6 26. Na5 Raf8 27. cxd4
cxd4 28. Nxc6 Qd6 29. Rac1 Bb7 30. Na5 Bxe4 31. Nc4 Qf6 32. Qe2 d3 1/2-1/2

[Event "CAN-ch"]
[Site "Toronto CAN"]
[Date "2023.04.08"]
[Round "5.10"]
[White "Oancea, Nicolae"]
[Black "Yang, Jingyun (Ryan)"]
[Result "0-1"]
[WhiteElo "1991"]
[BlackElo "2196"]
[PlyCount "110"]
[EventDate "2023.04.06"]
[EventType "swiss"]
[EventRounds "9"]
[EventCountry "CAN"]

1. e4 Nf6 2. e5 Nd5 3. Nf3 d6 4. c4 Nb6 5. d4 g6 6. Be3 Bg7 7. exd6 cxd6 8. Be2
O-O 9. O-O Bf5 10. Nc3 d5 11. a4 Nxc4 12. Bc1 e6 13. b3 Nd6 14. Ba3 Re8 15. Bb5
Nc6 16. Bc5 Nxb5 17. axb5 Ne7 18. Ne5 b6 19. Bxe7 Qxe7 20. Nc6 Qh4 21. g3 Qh3
22. Rxa7 Rxa7 23. Nxa7 h5 24. Nc6 h4 25. Qd2 Bf6 26. Qe3 Kg7 27. gxh4 Qxh4 28.
Qg3 Qh5 29. Re1 Rh8 30. Ra1 Qh6 31. Ne2 Qd2 32. Qe3 Qb2 33. Re1 Rh4 34. f3 Rh3
35. Ne5 Qa3 36. Nd7 Qd6 37. Ne5 Bxe5 38. dxe5 Qd8 39. Nd4 Rh5 40. Nxf5+ Rxf5
41. f4 Qh4 42. Rf1 Qg4+ 43. Kh1 Qh4 44. Qg3 Qh5 45. Kg2 Qe2+ 46. Rf2 Qxb5 47.
Rc2 Qb4 48. Rf2 Qe4+ 49. Kg1 b5 50. h4 b4 51. Rf3 d4 52. Kh2 d3 53. Rxd3 Rxf4
54. Re3 Rxh4+ 55. Kg1 Qh1+ 0-1

[Event "CAN-ch"]
[Site "Toronto CAN"]
[Date "2023.04.08"]
[Round "5.11"]
[White "Chen, Max"]
[Black "Zhu, Matthew"]
[Result "1-0"]
[WhiteElo "2345"]
[BlackElo "2113"]
[PlyCount "93"]
[EventDate "2023.04.06"]
[EventType "swiss"]
[EventRounds "9"]
[EventCountry "CAN"]

1. b3 d5 2. Bb2 Nf6 3. e3 e6 4. c4 c5 5. Nf3 Be7 6. cxd5 exd5 7. d4 cxd4 8.
Nxd4 O-O 9. Be2 Bb4+ 10. Bc3 Qa5 11. Qd2 Bxc3 12. Nxc3 Bd7 13. O-O Nc6 14. Rfd1
Rfd8 15. h3 Rac8 16. Nxc6 Bxc6 17. Ne4 Qxd2 18. Nxf6+ gxf6 19. Rxd2 Rd6 20.
Rad1 Rcd8 21. Rd4 Kf8 22. Bf3 Ke7 23. Kf1 a5 24. Rh4 Ra8 25. Rdd4 b5 26. Rxh7
a4 27. b4 Rc8 28. Rh5 Rcd8 29. Rd2 Ke6 30. Bg4+ Ke7 31. Bf3 Ke6 32. Rc2 Be8 33.
Rh4 Rc6 34. Rxc6+ Bxc6 35. Rd4 Rc8 36. Ke1 Ke5 37. Kd2 Rd8 38. a3 f5 39. g3 f6
40. Rd3 Be8 41. Rc3 Ke6 42. Kd3 Ke5 43. Rc5 Rd6 44. Bg2 Bd7 45. f4+ Ke6 46. Kd4
Bc6 47. Rxc6 1-0

[Event "CAN-ch"]
[Site "Toronto CAN"]
[Date "2023.04.08"]
[Round "5.12"]
[White "Ning, Eric"]
[Black "Joseph Benher, Savio"]
[Result "1-0"]
[WhiteElo "2182"]
[BlackElo "2120"]
[PlyCount "41"]
[EventDate "2023.04.06"]
[EventType "swiss"]
[EventRounds "9"]
[EventCountry "CAN"]

1. d4 Nf6 2. c4 e6 3. Nc3 Bb4 4. Qc2 d5 5. cxd5 Qxd5 6. Nf3 c5 7. a3 cxd4 8.
axb4 dxc3 9. bxc3 O-O 10. c4 Qh5 11. Bb2 b6 12. Bxf6 gxf6 13. Qe4 Qg6 14. Qxa8
Qc2 15. Rd1 Qc3+ 16. Nd2 Rd8 17. Qxb8 e5 18. e4 Rxd2 19. Rxd2 Qc1+ 20. Ke2
Qxc4+ 21. Kf3 1-0

[Event "CAN-ch"]
[Site "Toronto CAN"]
[Date "2023.04.08"]
[Round "5.13"]
[White "Yang, Lefan"]
[Black "Chen, Richard"]
[Result "1-0"]
[WhiteElo "2180"]
[BlackElo "2172"]
[PlyCount "81"]
[EventDate "2023.04.06"]
[EventType "swiss"]
[EventRounds "9"]
[EventCountry "CAN"]

1. d4 Nf6 2. c4 e6 3. Nc3 Bb4 4. e3 O-O 5. Nge2 d5 6. a3 Be7 7. Ng3 c5 8. cxd5
Nxd5 9. Bc4 Nb6 10. Bd3 cxd4 11. exd4 Nc6 12. Be3 Bf6 13. Nge2 g6 14. Be4 Nc4
15. b4 Nxe3 16. fxe3 Bg5 17. Qd2 f5 18. Bf3 e5 19. Bd5+ Kg7 20. dxe5 Nxe5 21.
Nf4 Ng4 22. O-O Re8 23. Rae1 Be6 24. Qb2 Bxd5 25. Ncxd5+ Bf6 26. Qb3 Re4 27. h3
Nh6 28. Rd1 Qg8 29. Qa4 Qe8 30. Qa5 b6 31. Qa6 Nf7 32. Nxf6 Kxf6 33. Qb7 Qc8
34. Nh5+ Kg5 35. Qxf7 Kxh5 36. Qxh7+ Kg5 37. Rf4 Rxf4 38. exf4+ Kxf4 39. h4 Ke5
40. Qe7+ Kf4 41. Rd4+ 1-0

[Event "CAN-ch"]
[Site "Toronto CAN"]
[Date "2023.04.09"]
[Round "6.4"]
[White "Latorre, Vincent"]
[Black "Guillemette, Hugo"]
[Result "1/2-1/2"]
[WhiteElo "2200"]
[BlackElo "2124"]
[PlyCount "57"]
[EventDate "2023.04.06"]
[EventType "swiss"]
[EventRounds "9"]
[EventCountry "CAN"]

1. e4 c5 2. Nf3 e6 3. d4 cxd4 4. Nxd4 Nc6 5. Nc3 Qc7 6. g4 a6 7. Be3 Bb4 8. Qd2
Nf6 9. f3 h6 10. a3 Be7 11. O-O-O b5 12. Nxc6 dxc6 13. Kb1 Bb7 14. Qf2 c5 15.
Bg2 Rc8 16. Ne2 Nd7 17. h4 b4 18. axb4 cxb4 19. Nd4 Ne5 20. g5 h5 21. Bh3 Bc5
22. Rhg1 Bxd4 23. Rxd4 Nxf3 24. Qxf3 Qxc2+ 25. Ka1 Qa4+ 26. Kb1 Qc2+ 27. Ka1
Qa4+ 28. Kb1 Qc2+ 29. Ka1 1/2-1/2

[Event "CAN-ch"]
[Site "Toronto CAN"]
[Date "2023.04.09"]
[Round "6.5"]
[White "Xu, Daniel"]
[Black "Plotkin, Victor"]
[Result "1/2-1/2"]
[WhiteElo "2403"]
[BlackElo "2386"]
[PlyCount "159"]
[EventDate "2023.04.06"]
[EventType "swiss"]
[EventRounds "9"]
[EventCountry "CAN"]

1. e4 e5 2. Nf3 Nf6 3. Nxe5 d6 4. Nf3 Nxe4 5. Nc3 Nxc3 6. dxc3 Be7 7. Be3 Nc6
8. Qd2 Be6 9. O-O-O Qd7 10. Kb1 a6 11. h3 Bf6 12. Re1 O-O-O 13. b3 Kb8 14. g4
h6 15. Bg2 Rhe8 16. Nd4 Nxd4 17. cxd4 d5 18. f4 Qb5 19. f5 Bc8 20. h4 Be7 21.
Bf1 Qb6 22. Bd3 f6 23. c3 Bd7 24. g5 fxg5 25. hxg5 hxg5 26. Bxg5 Bf6 27. Bf4
Rxe1+ 28. Qxe1 Ka8 29. Qg3 Rc8 30. Be5 c5 31. Rc1 c4 32. Bc2 cxb3 33. axb3 Bxf5
34. Kb2 Bxc2 35. Rxc2 Qc6 36. Qf3 Bxe5 37. dxe5 Qe6 38. Qg3 g6 39. Qg5 Re8 40.
Rd2 Qxe5 41. Qxg6 Rc8 42. Qd3 Kb8 43. Qd4 Qxd4 44. Rxd4 Rd8 45. c4 Kc7 46. cxd5
Kd6 47. Rd1 Re8 48. Ka3 Re5 49. Rh1 Rxd5 50. Kb4 Kc6 51. Rh6+ Rd6 52. Rh5 Kb6
53. Rg5 Rd4+ 54. Kc3 Re4 55. Rg6+ Kc5 56. Rg5+ Kd6 57. Rg6+ Re6 58. Rg5 Kc6 59.
Kb4 b6 60. Rh5 a5+ 61. Kc4 b5+ 62. Kd4 Kb6 63. Kc3 Re3+ 64. Kb2 b4 65. Rh6+ Kc5
66. Rh4 Re2+ 67. Kb1 Kd5 68. Rc4 Re4 69. Rc8 Kd4 70. Kb2 Re2+ 71. Kb1 Kd3 72.
Rc5 Rf2 73. Rxa5 Kc3 74. Rh5 Rb2+ 75. Ka1 Rd2 76. Kb1 Kxb3 77. Rh3+ Ka4 78. Rg3
Rh2 79. Rf3 b3 80. Rf8 1/2-1/2

[Event "CAN-ch"]
[Site "Toronto CAN"]
[Date "2023.04.09"]
[Round "6.6"]
[White "Zhou, Aiden"]
[Black "Latreille, Etienne"]
[Result "1-0"]
[WhiteElo "2257"]
[BlackElo "2194"]
[PlyCount "61"]
[EventDate "2023.04.06"]
[EventType "swiss"]
[EventRounds "9"]
[EventCountry "CAN"]

1. d4 d5 2. c4 c6 3. Nf3 Nf6 4. Nc3 a6 5. c5 Bf5 6. Qb3 Qc8 7. Nh4 Bg6 8. Bf4
Nbd7 9. Nxg6 hxg6 10. e4 dxe4 11. Bc4 e6 12. Bg3 Be7 13. O-O-O O-O 14. Rhe1 b6
15. Nxe4 Nxe4 16. Rxe4 Bg5+ 17. Kb1 bxc5 18. Bd6 Re8 19. dxc5 Nf6 20. Re5 Bh6
21. h4 Nd5 22. g3 Ra7 23. Ree1 a5 24. Qd3 Rd7 25. g4 g5 26. Bxd5 exd5 27. f4 f6
28. hxg5 fxg5 29. Qg6 Rf7 30. fxg5 Rxe1 31. Rxe1 1-0

[Event "CAN-ch"]
[Site "Toronto CAN"]
[Date "2023.04.09"]
[Round "6.7"]
[White "Yang, Jingyun (Ryan)"]
[Black "Clyde, Jordan"]
[Result "1-0"]
[WhiteElo "2196"]
[BlackElo "2247"]
[PlyCount "123"]
[EventDate "2023.04.06"]
[EventType "swiss"]
[EventRounds "9"]
[EventCountry "CAN"]

1. e4 Nf6 2. e5 Ng8 3. Nf3 d5 4. d4 Bg4 5. c3 Bxf3 6. Qxf3 e6 7. Qg3 Ne7 8. Bd3
Nf5 9. Bxf5 exf5 10. O-O Qd7 11. Nd2 Nc6 12. b4 Nd8 13. a4 a6 14. Nb3 b6 15.
Bd2 Ne6 16. Qd3 g6 17. Rfc1 Be7 18. c4 O-O 19. c5 Rfb8 20. b5 Ra7 21. cxb6 cxb6
22. bxa6 Nc7 23. a5 b5 24. Nc5 Bxc5 25. dxc5 Rxa6 26. Bb4 Qc6 27. Ra3 Ne6 28.
Qd2 Kg7 29. Rh3 h5 30. Rcc3 d4 31. Rcg3 Qe4 32. Kf1 Nf4 33. Rh4 Qb1+ 34. Qe1
Qxe1+ 35. Kxe1 Ne6 36. Rxh5 f4 37. Rg4 Rd8 38. Kd2 Rd5 39. c6 Rxc6 40. Be7 g5
41. Bxg5 Kg6 42. Rh6+ Kf5 43. f3 Kxe5 44. Bxf4+ Nxf4 45. Rxc6 b4 46. g3 Ne6 47.
Re4+ Kf5 48. a6 Ra5 49. g4+ Kg5 50. Kc2 Ra3 51. Kb2 Kh4 52. Rb6 Kh3 53. g5 Nc5
54. Rxb4 Rxa6 55. Rexd4 Kxh2 56. Rb5 Ne6 57. Rg4 Rd6 58. g6 fxg6 59. Rxg6 Rd2+
60. Kc3 Rd3+ 61. Kxd3 Nf4+ 62. Ke4 1-0